• 首页
  • 本馆介绍
  • 公告通知
  • 最新文献
  • 馆藏检索
  • 电子资源
  • 读者导购
  • 参考咨询
  • 我的图书馆
  • 登录
  • 详细信息显示
  • 放入我的书架
  • 预约/预借图书
  • 作者相关作品
  • 分类相关作品
  • 丛书相关作品
  • 出版社相关作品

书目信息

  • 表格格式
  • 工作单格式
  • 卡片格式
题名:
名师自述
    
 
作者: 杨永生 , 王莉慧 编
分册:  
出版信息: 北京   中国建筑工业出版社  2008
页数: 207页
开本: 24cm
丛书名:
单 册:
中图分类: TU-53
科图分类:
主题词: 建筑学--文集
电子资源:
ISBN: 978-7-112-09970-2
000 00740nam0 2200229 450
001 2337734133
005 20231205102909.85
010    @a978-7-112-09970-2@dCNY38.00
100    @a20080911d2008 ekmy0chiy50 ea
101 0  @achi
102    @aCN@b110000
105    @aac z 000yy
200 1  @a名师自述@Aming shi zi shu@f杨永生, 王莉慧编
210    @a北京@c中国建筑工业出版社@d2008
215    @a207页@c图, 肖像@d24cm
330    @a本书主要介绍了保持理性的关脑走在创作的大道上、理想主义之梦、徘徊在传统与现代之间、半世界觅求一得、真实的感悟等内容。
606 0  @a建筑学@j文集
690    @aTU-53@v5
701  0 @a杨永生@Ayang yong sheng@4编
701  0 @a王莉慧@Awang li hui@4编
801  0 @aCN@b湖北三新@c20080911
905    @aZUCC@dTU-53@e11
    
    名师自述/杨永生, 王莉慧编.-北京:中国建筑工业出版社,2008
    207页:图, 肖像;24cm
    
    
    ISBN 978-7-112-09970-2:CNY38.00
    本书主要介绍了保持理性的关脑走在创作的大道上、理想主义之梦、徘徊在传统与现代之间、半世界觅求一得、真实的感悟等内容。
●
相关链接 在五车中查询图书 在当当中查询图书 在豆瓣中查询图书


正题名:名师自述     索取号:TU-53/11         预约/预借

序号 登录号 条形码 馆藏地/架位号 状态 备注
1 2001355001   2001355001   617书库/ [索取号:TU-53/11] 在馆    
2 2001355002   2001355002   617书库/ [索取号:TU-53/11] 在馆    
3 2001355003   2001355003   617书库/ [索取号:TU-53/11] 在馆    
4 2001355004   2001355004   617书库/ [索取号:TU-53/11] 在馆    
5 2001355005   2001355005   617书库/ [索取号:TU-53/11] 在馆    
6 2001355006   2001355006   617书库/ [索取号:TU-53/11] 在馆    
7 2001355007   2001355007   617书库/ [索取号:TU-53/11] 在馆    
8 2001355008   2001355008   617书库/ [索取号:TU-53/11] 在馆    
9 2001355009   2001355009   617书库/ [索取号:TU-53/11] 在馆    
10 2001355010   2001355010   617书库/ [索取号:TU-53/11] 在馆    
11 2001355011   2001355011   617书库/ [索取号:TU-53/11] 在馆    
12 2001355012   2001355012   617书库/ [索取号:TU-53/11] 在馆    
13 2001355013   2001355013   617书库/ [索取号:TU-53/11] 在馆    
14 2001355014   2001355014   617书库/ [索取号:TU-53/11] 在馆    
15 2001355015   2001355015   617书库/ [索取号:TU-53/11] 在馆    
16 2001355016   2001355016   617书库/ [索取号:TU-53/11] 在馆    
17 2001355017   2001355017   617书库/ [索取号:TU-53/11] 在馆    
18 2001355018   2001355018   617书库/ [索取号:TU-53/11] 在馆    
19 2001355019   2001355019   617书库/ [索取号:TU-53/11] 在馆    
20 2001355020   2001355020   617书库/ [索取号:TU-53/11] 在馆    
21 2001355021   2001355021   617书库/ [索取号:TU-53/11] 在馆    
22 2001355022   2001355022   617书库/ [索取号:TU-53/11] 在馆    
23 2001355023   2001355023   617书库/ [索取号:TU-53/11] 在馆    
24 2001355024   2001355024   617书库/ [索取号:TU-53/11] 在馆    
25 2001355025   2001355025   617书库/ [索取号:TU-53/11] 在馆    
26 2001355026   2001355026   617书库/ [索取号:TU-53/11] 在馆    
27 2001355027   2001355027   617书库/ [索取号:TU-53/11] 在馆    
28 2001355028   2001355028   617书库/ [索取号:TU-53/11] 在馆    
29 2001355029   2001355029   617书库/ [索取号:TU-53/11] 在馆    
30 2001355030   2001355030   617书库/ [索取号:TU-53/11] 在馆    
山东省滨州职业学院图书馆 欢迎您!
大连网信软件有限公司© 版权所有